Żużlowcy którzy wygrali turniej Grand Prix bez porażki - Statystyki

Ogólne statystyki
  • Ten quiz został rozwiązany 88 razy
  • Średni wynik to 8 z 11
Statystyki odpowiedzi
ROK ZAWODNIK % Poprawnych
2010 Tomasz Gollob
93%
2010 Tomasz Gollob
93%
2007 Nicki Pedersen
90%
2007 Nicki Pedersen
90%
2009 Jason Crump
78%
2015 Greg Hancock
76%
2005 Tony Rickardsson
74%
2005 Tony Rickardsson
74%
2019 Leon Madsen
56%
2014 Jarosław Hampel
46%
2009 Emil Sayfutdinov
29%
Nie znaleziono quizów pasujących do podanych kryteriów
Rozkład punktacji
Procent ludzi z każdym wynikiem
Percentyl według liczby udzielonych odpowiedzi
Twoja historia wyników
Nie rozwiązałeś tego quizu